| 000 | 00729nam a2200229Ia 4500 | ||
|---|---|---|---|
| 001 | 3184 | ||
| 003 | GE_BSU | ||
| 008 | 181216s||||||||xx |||||||||||||| ||und|| | ||
| 020 | _a5851730056 | ||
| 040 | _cGE_BSU | ||
| 080 | _a334(07.8)+811.111 | ||
| 100 | _aГлав. ред. Р.Д. Эриашвили. | ||
| 245 | _aОсновы Ээкономики и Бзнеса:=TLEMENTARY ECONOMICS AND RUSINESS | ||
| 245 | _cУчебное пособие по англ. яз. | ||
| 260 | _aМосква | ||
| 260 | _bкулеура и спорт, ЮНИТИ | ||
| 260 | _c1996 | ||
| 300 | _a296 ст. ил. 20 см. | ||
| 541 | _h7 Л. 70 Т. | ||
| 653 | _aОсновы Ээкономики и Биизнеса | ||
| 942 | _cBK | ||
| 999 |
_c37225 _d37225 |
||